| 000 | 00815cam a2200289 a 4500 | ||
|---|---|---|---|
| 001 | 15856591 | ||
| 005 | 20180813080821.0 | ||
| 008 | 090806s2011 nyua b 001 0 eng | ||
| 010 | _a 2009934370 | ||
| 020 | _a9781429216357 (hard) | ||
| 020 | _a1429216352 (hard) | ||
| 020 | _a9781429238267 (pbk.) | ||
| 020 | _a1429238267 (pbk.) | ||
| 020 | _a9781429238281 (NASTAspec. version) | ||
| 020 | _a1429238283 (NASTAspec. version) | ||
| 040 |
_aDLC _cDLC |
||
| 041 | _aeng | ||
| 080 | _a159.9 | ||
| 082 | _2159.9 | ||
| 100 | 1 | _a49 | |
| 101 | _aPSI | ||
| 245 | 1 | 0 |
_aExploring psychology / _cDavid G. Myers. |
| 504 | _aIncludes bibliographical references and indexes. | ||
| 906 |
_a7 _bcbc _corignew _d3 _eepcn _f20 _gy-gencatlg |
||
| 942 |
_2ddc _cBK |
||
| 999 |
_c47054 _d47054 |
||